Azerbaycanca Kelimeler - Statistics

General Stats
  • This quiz has been taken 18 times
  • The average score is 9 of 21
Answer Stats
Azerbaycanca Türkçe % Correct
Pişik Kedi
83%
Kartof Patates
67%
Yağış Yağmur
67%
Ulduz Yıldız
67%
Mahnı Şarkı
61%
Toy Düğün
56%
Köynək Gömlek
56%
Qızıl Altın
44%
Açar Anahtar
44%
Nazir Bakan
39%
Qərb Batı
39%
Kənd Köy
39%
Küçə Sokak
39%
Toyuq Tavuk
39%
Çəngəl Çatal
22%
Meşə Orman
22%
Tərəvəz Sebze
22%
Peyk Uydu
22%
Məşq Antrenman
17%
Nağıl Masal
17%
Skripka Keman
6%
No matching quizzes found
Score Distribution
Percent of People with Each Score
Percentile by Number Answered
Your Score History
You have not taken this quiz